Los costumbristas chilenos: estudio y selección
Guardado en:
| Autores principales: | , |
|---|---|
| Formato: | Libro |
| Lenguaje: | español |
| Publicado: |
Santiago
Zig-Zag
1957
|
| Colección: | Biblioteca Cultura
|
| Materias: | |
| Etiquetas: |
Agregar Etiqueta
Sin Etiquetas, Sea el primero en etiquetar este registro!
|
MARC
| LEADER | 00000nam a2200000 a 4500 | ||
|---|---|---|---|
| 001 | UCQ6538 | ||
| 003 | CL-VaPUC | ||
| 008 | 981016e19570000CL |||||||||||||||||spa|d | ||
| 082 | 0 | 4 | |a Ch860.9 |b ROJ |2 21 |
| 100 | 0 | |a Rojas, Manuel |e author |9 313776 | |
| 700 | 0 | |a Canizzo, Mary |e author |9 420441 | |
| 245 | 1 | 4 | |a Los costumbristas chilenos: estudio y selección |
| 300 | |a 276 p | ||
| 942 | |c BK | ||
| 945 | |d 19981016 00:00:00 |a crobeson | ||
| 260 | |a Santiago |b Zig-Zag |c 1957 | ||
| 650 | 0 | |a Literatura chilena |9 308278 | |
| 650 | 0 | |a Historia y crítica |9 257407 | |
| 650 | 7 | |a COSTUMBRISMO EN LA LITERATURA |2 CL-VaPUC |9 420442 | |
| 583 | |a last modification |c 19981016 00:00:00 |k Rodrigo Vera | ||
| 490 | 0 | |a Biblioteca Cultura | |
| 999 | |c 276488 |d 276486 | ||
| 952 | |0 0 |1 0 |4 0 |6 CH_860_900000000000000_ROJ_1957 |7 0 |8 A |9 313746 |a BIBEDU |b BIBEDU |d 2019-11-20 |i 1482882 |o Ch860.9 ROJ 1957 |p 1482882 |r 2019-11-20 |w 2019-11-20 |y BK |k LIT | ||
| 952 | |0 0 |1 0 |4 0 |6 CH_860_900000000000000_ROJ_1957 |7 0 |8 A |9 313747 |a BIBEDU |b BIBEDU |d 2019-11-20 |i 1482890 |o Ch860.9 ROJ 1957 |p 1482890 |r 2019-11-20 |w 2019-11-20 |y BK |k LIT | ||
| 952 | |0 0 |1 0 |4 0 |6 CH_860_900000000000000_ROJ_1957 |7 0 |8 A |9 313748 |a BIBEDU |b BIBEDU |d 2019-11-20 |i 1337556 |o Ch860.9 ROJ 1957 |p 1337556 |r 2019-11-20 |w 2019-11-20 |y BK |k LIT | ||